书目信息 |
| 题名: |
社会政策
|
|
| 作者: | 何子英 著 | |
| 分册: | ||
| 出版信息: | 北京 中国人民大学出版社 2012 |
|
| 页数: | 300页 | |
| 开本: | 23cm | |
| 丛书名: | 服务型政府大视野丛书 | |
| 单 册: | ||
| 中图分类: | D601 | |
| 科图分类: | ||
| 主题词: | 社会政策--研究--中国 , 社会政策 | |
| 电子资源: | ||
| ISBN: | 978-7-300-15617-0 | |
| 000 | 00870nam0 2200253 450 | |
| 001 | 5 | |
| 005 | 20140905100223.45 | |
| 010 | @a978-7-300-15617-0@dCNY36.00 | |
| 100 | @a20121105d2012 em y0chiy50 ea | |
| 101 | 0 | @achi |
| 102 | @aCN@b110000 | |
| 105 | @ay z 000yy | |
| 106 | @ar | |
| 200 | 1 | @a社会政策@f何子英著 |
| 210 | @a北京@c中国人民大学出版社@d2012 | |
| 215 | @a300页@d23cm | |
| 225 | 1 | @a服务型政府大视野丛书@h第一辑 |
| 330 | @a本书试图在介绍社会政策的基础知识、经典与前沿理论以及西方社会政策发展历程的基础上,重点分析我国社会政策体系建设的历程、基本特征及演化逻辑,描述当前我国社会政策重点领域的政策发展现状及存在的主要问题,探讨未来我国社会政策体系的发展目标与改革战略。 | |
| 606 | 0 | @a社会政策@x研究@y中国 |
| 606 | 0 | @a社会政策 |
| 690 | @aD601@v5 | |
| 701 | 0 | @a何子英@4著 |
| 801 | 0 | @aCN@bTANGWEI@c20140603 |
| 905 | @b0843139-41@dD601@e121@f3 | |
| 社会政策/何子英著.-北京:中国人民大学出版社,2012 |
| 300页;23cm.-(服务型政府大视野丛书.第一辑) |
| ISBN 978-7-300-15617-0:CNY36.00 |
| 本书试图在介绍社会政策的基础知识、经典与前沿理论以及西方社会政策发展历程的基础上,重点分析我国社会政策体系建设的历程、基本特征及演化逻辑,描述当前我国社会政策重点领域的政策发展现状及存在的主要问题,探讨未来我国社会政策体系的发展目标与改革战略。 |
| ● |
| 相关链接 |
|
|
|
|
正题名:社会政策
索取号:D601/121
 
预约/预借
| 序号 | 登录号 | 条形码 | 馆藏地/架位号 | 状态 | 备注 |
| 1 | 0843139 | 208431393 | 第一样本阅览室/ [索取号:D601/121] | 在馆 | |
| 2 | 0843140 | 208431400 | 第一借阅区/ [索取号:D601/121] | 在馆 | |
| 3 | 0843141 | 208431419 | 第一借阅区/ [索取号:D601/121] | 在馆 |